000 00623nam a2200229 a 4500
005 20140310183248.0
008 040921s19uu xx 00 eng d
020 _a0-07-121784-3
050 _aQP 141
_b.W38 2004
100 _aWardlaw, Gordon M.
245 _aPerspectives in nutrition/.
_cGordon M. Wardlaw
250 _a6th ed.
260 _aBoston :
_bMcGraw-Hill,
_c2004.
300 _aI-26
_bill. ;
_c28 cm.
500 _aIncludes glossary and index.
521 _aNUR
650 _aNutrition.
700 _aHampl, Jeffrey S.
700 _aDisilvestro, Robert A.
942 _cBK
_2lcc
_kFOR
999 _c20741
_d20741